000 00646nam a2200265Ia 4500
005 20260121165841.0
008 008 260114s9999 xx 000 0 eng d
020 _a9783658194635
037 _aEBOOK
040 _aCRL
040 _beng
040 _cCRL
041 _2eng
041 _aeng
084 _qCRL
100 _aJulia M. Jonas
_91056818
245 0 _aStakeholder Integration in Service Innovation
260 _bSpringer
260 _bSpringer
260 _c2018
856 _uhttps://link.springer.com/openurl?genre=book&isbn=978-3-658-19463-5
942 _cEBOOK
999 _c1622546
_d1622546